• 首页
  • 本馆介绍
  • 公告通知
  • 最新文献
  • 馆藏检索
  • 电子资源
  • 读者导购
  • 参考咨询
  • 我的图书馆
  • 登录
  • 详细信息显示
  • 放入我的书架
  • 预约/预借图书
  • 作者相关作品
  • 分类相关作品
  • 丛书相关作品
  • 出版社相关作品

书目信息

  • 表格格式
  • 工作单格式
  • 卡片格式
题名:
科学技术百科全书
    
 
作者: 拉佩兹 主编
分册: 第十三卷   古生物学、古人类学
出版信息: 北京   科学出版社  1990.02
页数: 233页
开本: 26cm
丛书名:
单 册:
中图分类: N61
科图分类:
主题词: 自然科学--名词术语 , 自然科学--词典 , 自然科学--百科全书
电子资源:
ISBN: 7-03-001226-7
000 00715nam0 2200229 45
001 0003171005
005 20041221082017.2
010    @a7-03-001226-7@b精装@dCNY18.30
100    @a20000317d1990 km y0chiy0120 ea
101    @achi
105    @a z 000yy
200 1  @a科学技术百科全书@AKe Xue Ji Shu Bai Ke Quan Shu@h第十三卷@i古生物学、古人类学@fN.拉佩兹主编@FN.La Pei Zi Zhu Bian
210    @a北京@c科学出版社@d1990.02
215    @a233页@c插图@d26cm
517    @a古生物学、古人类学@AGu Sheng Wu Xue、Gu Ren Lei Xue
606 0  @a自然科学@x名词术语
606 0  @a自然科学@x词典
606 0  @a自然科学@x百科全书
690    @aN61@v1
701    @a拉佩兹@4主编
801    @aCN@bTSTC@c20000317
905    @dN61@e1:13
    
    科学技术百科全书.第十三卷.古生物学、古人类学/N.拉佩兹主编.-北京:科学出版社,1990.02
    233页:插图;26cm
    
    
    ISBN 7-03-001226-7(精装):CNY18.30
    
●
相关链接 在E读中查询图书 在五车中查询图书 在当当中查询图书 在豆瓣中查询图书


正题名:科学技术百科全书     索取号:N61/1:13         预约/预借

序号 登录号 条形码 馆藏地/架位号 状态 备注
1 0257449   202088445   第二样本阅览室/ [索取号:N61/1:13] 在馆    
2 0286065   002860657   密集书库/ [索取号:N61/1:13] 在馆    
3 0286066   002860666   工具书阅览室/ [索取号:N61/1:13] 在馆    
唐山师范学院图书馆 欢迎您!
大连网信软件有限公司© 版权所有